Missing Word: 'A' Song Endings Quiz Stats

Quiz Updated Feb 6, 2015

Challenge
Share
Tweet
Embed
Score 0/20 Timer 04:00
0 Plays Today
Song Missing Word % Correct
Sweet Home _____Alabama
96.5%
Opposites _____Attract
93.6%
When Will I See You _____Again
93.3%
Rock of _____Ages
89%
Where the Boys _____Are
86.6%
Drift _____Away
85.1%
Don't Cry for Me _____Argentina
84.3%
The Morning _____After
78.4%
I Get _____Around
73.4%
Open _____Arms
66%
Song Missing Word % Correct
Electric _____Avenue
61.6%
My Cherie _____Amour
61%
Rock Me _____Amadeus
60.7%
Living in _____America
55.8%
I'm Your _____Angel
45.9%
One Less Bell to _____Answer
43.7%
Jet _____Airliner
36.2%
If U Seek _____Amy
34.2%
Not _____Afraid
28.3%
So _____Alive
19.2%

Today's Daily Dose

Missing Word
Jazz Songs 'C'

On This Day
January 18th

You're not logged in!

Compare scores with friends on all Sporcle quizzes.
Sign Up with Email
OR
Log In

You Might Also Like...

Show Comments

Extras

Top Quizzes Today


Score Distribution

Your Account Isn't Verified!

In order to create a playlist on Sporcle, you need to verify the email address you used during registration. Go to your Sporcle Settings to finish the process.